000 00825cam a2200265 a 4500
001
003 OSt
005 20220107122807.0
008 970925s1997 paua b 001 0 eng
020 _a9780898714036
040 _cIIITMK
082 0 0 _a512.942 HAN/R
_2
100 1 _aHansen, Per Christian.
_98005
245 1 0 _aRank-deficient and discrete ill-posed problems:
_bNumerical aspects of linear inversion
_cPer Christian Hansen.
260 _aPhiladelphia,
_bSIAM,
_c1998.
300 _axvi, 247 p.
_b
_c
440 0 _aSIAM monographs on mathematical modeling and computation
_98006
650 0 _aMATHEMATICS
_98007
650 0 _aNUMERICAL SOLUTIONS
_98008
650 0 _aEQUATIONS
_98009
650 0 _aSIMULTANEOUS
_98010
650 0 _aSPARSE MATRICES
_98011
650 0 _aITERATIVE METODS
_98012
942 _2ddc
_cBK
999 _c4875
_d4875